<?xml version="1.0" encoding="UTF-8"?>
<record
    xmlns:xsi="http://www.w3.org/2001/XMLSchema-instance"
    xsi:schemaLocation="http://www.loc.gov/MARC21/slim http://www.loc.gov/standards/marcxml/schema/MARC21slim.xsd"
    xmlns="http://www.loc.gov/MARC21/slim">

  <leader>01574nam a2200205Ia 4500</leader>
  <controlfield tag="003">OSt</controlfield>
  <controlfield tag="005">20250214100707.0</controlfield>
  <controlfield tag="008">210210b1977   xxu||||| |||| 00| 0 eng d</controlfield>
  <datafield tag="040" ind1=" " ind2=" ">
    <subfield code="c">AL</subfield>
  </datafield>
  <datafield tag="041" ind1=" " ind2=" ">
    <subfield code="a">Kannada</subfield>
  </datafield>
  <datafield tag="082" ind1=" " ind2=" ">
    <subfield code="a">K894.3 BHAS</subfield>
  </datafield>
  <datafield tag="100" ind1=" " ind2=" ">
    <subfield code="a">BHARATISUTA.</subfield>
    <subfield code="d">&#xCAD;&#xCBE;&#xCB0;&#xCA4;&#xCC0;&#xCB8;&#xCC1;&#xCA4;</subfield>
    <subfield code="9">199592</subfield>
  </datafield>
  <datafield tag="245" ind1=" " ind2=" ">
    <subfield code="a">Shatadru dandege.</subfield>
    <subfield code="b">&#xCB6;&#xCA4;&#xCA6;&#xCCD;&#xCB0;&#xCC1; &#xCA6;&#xC82;&#xCA1;&#xCC6;&#xC97;&#xCC6;</subfield>
  </datafield>
  <datafield tag="260" ind1=" " ind2=" ">
    <subfield code="a">Madikeri</subfield>
    <subfield code="b">Shri Kaveri Prakashana</subfield>
    <subfield code="c">1977</subfield>
  </datafield>
  <datafield tag="300" ind1=" " ind2=" ">
    <subfield code="a">vi,428</subfield>
  </datafield>
  <datafield tag="520" ind1=" " ind2=" ">
    <subfield code="a">'&#xCB6;&#xCA4;&#xCA6;&#xCCD;&#xCB0;&#xCC1; &#xCA6;&#xC82;&#xCA1;&#xCC6;&#xC97;&#xCC6;' &#xC95;&#xCBE;&#xCA6;&#xC82;&#xCAC;&#xCB0;&#xCBF; 1947-1948 &#xCB0; &#xCAD;&#xCBE;&#xCB0;&#xCA4; &#xCB8;&#xCCD;&#xCB5;&#xCBE;&#xCA4;&#xC82;&#xCA4;&#xCCD;&#xCB0;&#xCCD;&#xCAF; &#xCA8;&#xC82;&#xCA4;&#xCB0;&#xCA6; &#xCA6;&#xCBF;&#xCA8;&#xC97;&#xCB3; &#xC9A;&#xCBF;&#xCA4;&#xCCD;&#xCB0;&#xCA3; ; &#xCB5;&#xCBF;&#xCB6;&#xCC7;&#xCB7;&#xCB5;&#xCBE;&#xC97;&#xCBF; &#xCB9;&#xCBF;&#xC82;&#xCA6;&#xCC2;&#xCB8;&#xCCD;&#xCA4;&#xCBE;&#xCA8; &#xCAE;&#xCA4;&#xCCD;&#xCA4;&#xCC1; &#xCAA;&#xCBE;&#xC95;&#xCBF;&#xCB8;&#xCCD;&#xCA4;&#xCBE;&#xCA8;&#xC97;&#xCB3; &#xC89;&#xC97;&#xCAE; &#xC95;&#xCBE;&#xCB2;&#xCA6; &#xCB9;&#xCBF;&#xC82;&#xCB8;&#xCBE;&#xCA4;&#xCCD;&#xCAE;&#xC95; &#xCB8;&#xC82;&#xC98;&#xCB0;&#xCCD;&#xCB7;&#xCB5;&#xCA8;&#xCCD;&#xCA8;&#xCC1; &#xC88; &#xC95;&#xCC3;&#xCA4;&#xCBF; &#xC95;&#xC9F;&#xCCD;&#xC9F;&#xCBF; &#xC95;&#xCCA;&#xCA1;&#xCC1;&#xCA4;&#xCCD;&#xCA4;&#xCA6;&#xCC6;. &#xCB9;&#xCBF;&#xC82;&#xCA6;&#xCC2;- &#xCAE;&#xCC1;&#xCB8;&#xCCD;&#xCB2;&#xCBF;&#xCAE;&#xCCD; &#xCB0; &#xCB5;&#xCC8;&#xCB7;&#xCAE;&#xCCD;&#xCAF;&#xC97;&#xCB3; &#xCA8;&#xCA1;&#xCC1;&#xCB5;&#xCC6;&#xCAF;&#xCC2; &#xCAE;&#xCBE;&#xCA8;&#xCB5;&#xCC0;&#xCAF; &#xCAE;&#xCCC;&#xCB2;&#xCCD;&#xCAF;&#xC97;&#xCB3; &#xCB8;&#xCC6;&#xCB2;&#xCC6; &#xCAC;&#xCA4;&#xCCD;&#xCA4;&#xCBF;&#xCB2;&#xCCD;&#xCB2; &#xC8E;&#xCA8;&#xCCD;&#xCA8;&#xCC1;&#xCB5;&#xCC1;&#xCA6;&#xCA8;&#xCCD;&#xCA8;&#xCC1; &#xC85;&#xCA4;&#xCCD;&#xCAF;&#xC82;&#xCA4; &#xCB8;&#xCB0;&#xCB3;&#xCB5;&#xCBE;&#xC97;&#xCBF; &#xCB8;&#xCA4;&#xCCD;&#xCAF;&#xCB5;&#xCA8;&#xCCD;&#xCA8;&#xCC7; &#xCA8;&#xCBF;&#xCB0;&#xCC2;&#xCAA;&#xCBF;&#xCB8;&#xCC1;&#xCA4;&#xCCD;&#xCA4;&#xCA6;&#xCC6;. &#xC90;&#xCA4;&#xCBF;&#xCB9;&#xCBE;&#xCB8;&#xCBF;&#xC95; &#xC85;&#xC82;&#xCB6;&#xC97;&#xCB3;&#xCA8;&#xCCD;&#xCA8;&#xCC1; &#xC92;&#xCB3;&#xC97;&#xCCA;&#xC82;&#xCA1;&#xCBF;&#xCB0;&#xCC1;&#xCB5; &#xC88; &#xC95;&#xCBE;&#xCA6;&#xC82;&#xCAC;&#xCB0;&#xCBF; &#xC85;&#xCAE;&#xCB0;&#xC9A;&#xC82;&#xCA6; &#xCAE;&#xCA4;&#xCCD;&#xCA4;&#xCC1; &#xCB8;&#xCCD;&#xCB5;&#xCB0;&#xCC2;&#xCAA;&#xCB0;&#xCBE;&#xCA3;&#xCBF; &#xC85;&#xCB5;&#xCB0; &#xC86;&#xC95;&#xCB8;&#xCCD;&#xCAE;&#xCBF;&#xC95; &#xCAD;&#xCC7;&#xC9F;&#xCBF;&#xCAF;&#xCBF;&#xC82;&#xCA6;&#xCB2;&#xCC7; &#xC86;&#xCB0;&#xC82;&#xCAD;&#xCB5;&#xCBE;&#xC97;&#xCC1;&#xCA4;&#xCCD;&#xCA4;&#xCA6;&#xCC6;.</subfield>
  </datafield>
  <datafield tag="690" ind1=" " ind2=" ">
    <subfield code="a">Kannada Fiction</subfield>
    <subfield code="9">199593</subfield>
  </datafield>
  <datafield tag="906" ind1=" " ind2=" ">
    <subfield code="a">SG00121</subfield>
  </datafield>
  <datafield tag="942" ind1=" " ind2=" ">
    <subfield code="2">ddc</subfield>
    <subfield code="c">BK</subfield>
  </datafield>
  <datafield tag="999" ind1=" " ind2=" ">
    <subfield code="c">111680</subfield>
    <subfield code="d">111680</subfield>
  </datafield>
  <datafield tag="952" ind1=" " ind2=" ">
    <subfield code="0">0</subfield>
    <subfield code="1">0</subfield>
    <subfield code="2">ddc</subfield>
    <subfield code="4">0</subfield>
    <subfield code="7">0</subfield>
    <subfield code="8">KAN</subfield>
    <subfield code="a">AL</subfield>
    <subfield code="b">AL</subfield>
    <subfield code="c">SSS</subfield>
    <subfield code="d">2021-02-17</subfield>
    <subfield code="g">0.00</subfield>
    <subfield code="l">0</subfield>
    <subfield code="o">K894.3 BHAS</subfield>
    <subfield code="p">SG00121</subfield>
    <subfield code="r">2021-02-17 00:00:00</subfield>
    <subfield code="w">2021-02-17</subfield>
    <subfield code="y">SG</subfield>
  </datafield>
</record>
